<?xml version="1.0" encoding="UTF-8"?><?xml-stylesheet type="text/xsl" href="static/style.xsl"?><OAI-PMH xmlns="http://www.openarchives.org/OAI/2.0/" xmlns:xsi="http://www.w3.org/2001/XMLSchema-instance" xsi:schemaLocation="http://www.openarchives.org/OAI/2.0/ http://www.openarchives.org/OAI/2.0/OAI-PMH.xsd"><responseDate>2026-06-30T01:15:05Z</responseDate><request verb="GetRecord" identifier="oai:riubu.ubu.es:10259/9724" metadataPrefix="marc">https://riubu.ubu.es/oai/request</request><GetRecord><record><header><identifier>oai:riubu.ubu.es:10259/9724</identifier><datestamp>2024-11-22T01:05:18Z</datestamp><setSpec>com_10259_6171</setSpec><setSpec>com_10259_5086</setSpec><setSpec>com_10259_2604</setSpec><setSpec>col_10259_6172</setSpec></header><metadata><record xmlns="http://www.loc.gov/MARC21/slim" xmlns:doc="http://www.lyncode.com/xoai" xmlns:xsi="http://www.w3.org/2001/XMLSchema-instance" xmlns:dcterms="http://purl.org/dc/terms/" xsi:schemaLocation="http://www.loc.gov/MARC21/slim http://www.loc.gov/standards/marcxml/schema/MARC21slim.xsd">
<leader>00925njm 22002777a 4500</leader>
<datafield tag="042" ind1=" " ind2=" ">
<subfield code="a">dc</subfield>
</datafield>
<datafield tag="720" ind1=" " ind2=" ">
<subfield code="a">Revilla Cuesta, Víctor</subfield>
<subfield code="e">author</subfield>
</datafield>
<datafield tag="720" ind1=" " ind2=" ">
<subfield code="a">Ortega López, Vanesa</subfield>
<subfield code="e">author</subfield>
</datafield>
<datafield tag="720" ind1=" " ind2=" ">
<subfield code="a">Skaf Revenga, Marta</subfield>
<subfield code="e">author</subfield>
</datafield>
<datafield tag="720" ind1=" " ind2=" ">
<subfield code="a">Fiol Olivan, Francisco</subfield>
<subfield code="e">author</subfield>
</datafield>
<datafield tag="720" ind1=" " ind2=" ">
<subfield code="a">Manso Villalaín, Juan Manuel</subfield>
<subfield code="e">author</subfield>
</datafield>
<datafield tag="260" ind1=" " ind2=" ">
<subfield code="c">2022-01</subfield>
</datafield>
<datafield tag="520" ind1=" " ind2=" ">
<subfield code="a">La presente revisión bibliográfica profundiza en cómo las características del Árido de Hormigón Reciclado (AHR) afectan al comportamiento resistente del Hormigón AutoCompactante (HAC) y cómo el efecto esperado del AHR puede alterarse por cambios en la composición del HAC. Se demuestra que, si la trabajabilidad del HAC se mantiene constante, la resistencia a compresión disminuye linealmente con el contenido de AHR, aunque este descenso será menor si el AHR procede del machaqueo de un hormigón de mayor resistencia. La disminución de la relación agua/cemento permite compensar esta pérdida de resistencia, aunque su valor debe permitir también mantener una adecuada trabajabilidad del HAC. La absorción de agua del AHR y su interacción con otros compontes incrementan la variabilidad del efecto del AHR. Debido a la gran cantidad de factores implicados en este comportamiento, es recomendable un estudio experimental del AHR y del HAC producido con él antes de su utilización.</subfield>
</datafield>
<datafield tag="520" ind1=" " ind2=" ">
<subfield code="a">This literature review deepens in how the properties of Recycled Concrete Aggregate (RCA) affect the strength behavior of Self-Compacting Concrete (SCC) and how the expected effect of RCA can be modified by changes in its composition. It is demonstrated that, if the flowability of the SCC remains constant, the compressive strength decreases linearly with the RCA content, although this decrease is lower if the RCA is obtained from the crushing of a concrete with higher strength. The decrease of the water-to-cement ratio allows compensating this loss of strength, although its value should also allow keeping a suitable flowability. The water absorption of RCA and its interaction with other components of the mix increase the variability of the effect of RCA. Therefore, due to the large number of factors involved in this behavior, it is recommended to experimentally study the RCA and the SCC produced with it before its use.</subfield>
</datafield>
<datafield tag="024" ind2=" " ind1="8">
<subfield code="a">0020-0883</subfield>
</datafield>
<datafield tag="024" ind2=" " ind1="8">
<subfield code="a">http://hdl.handle.net/10259/9724</subfield>
</datafield>
<datafield tag="024" ind2=" " ind1="8">
<subfield code="a">10.3989/ic.87668</subfield>
</datafield>
<datafield tag="024" ind2=" " ind1="8">
<subfield code="a">1988-3234</subfield>
</datafield>
<datafield ind1=" " ind2=" " tag="653">
<subfield code="a">Hormigón autocompactante</subfield>
</datafield>
<datafield ind1=" " ind2=" " tag="653">
<subfield code="a">Árido de hormigón reciclado</subfield>
</datafield>
<datafield ind1=" " ind2=" " tag="653">
<subfield code="a">Resistencia a compresión</subfield>
</datafield>
<datafield ind1=" " ind2=" " tag="653">
<subfield code="a">Dispersión de resistencia</subfield>
</datafield>
<datafield ind1=" " ind2=" " tag="653">
<subfield code="a">Sostenibilidad</subfield>
</datafield>
<datafield ind1=" " ind2=" " tag="653">
<subfield code="a">Self-compacting concrete</subfield>
</datafield>
<datafield ind1=" " ind2=" " tag="653">
<subfield code="a">Recycled concrete aggregate</subfield>
</datafield>
<datafield ind1=" " ind2=" " tag="653">
<subfield code="a">Compressive strength</subfield>
</datafield>
<datafield ind1=" " ind2=" " tag="653">
<subfield code="a">Strength dispersion</subfield>
</datafield>
<datafield ind1=" " ind2=" " tag="653">
<subfield code="a">Sustainability</subfield>
</datafield>
<datafield tag="245" ind1="0" ind2="0">
<subfield code="a">¿Por qué el efecto del árido de hormigón reciclado en la resistencia a compresión del hormigón autocompactante no es homogéneo? Una revisión bibliográfica</subfield>
</datafield>
</record></metadata></record></GetRecord></OAI-PMH>